=LDR 00000nam 2200000 4500 =001 INLIS000000000002796 =005 20130612091121 =008 ***********************************Ind** =035 ##$$0010-061300000002796 =041 ##$$a Ind =082 ##$$a 92(Abdul Latif) =090 ##$$a 92(Abdul Latif), Abd p =100 ##$$a Abdul Latif =245 ##$$a Pledoi Kol A.Latief, Soeharto terlibat G 30 S, Abdul Latif =260 ##$$a 2000 $b Jakarta =300 ##$$a xxxi,282 hlm, ilus, 21 cm =650 ##$$a Abdul Latif,1926- =850 ##$$a NBPNMAT